[Event "IHEM 2007"]
[Site "Hamburg"]
[Date "2007.05.30"]
[Round "5.1"]
[White "Landa, Konstantin"]
[Black "Saltaev, Mihail"]
[Result "1-0"]
[WhiteElo "2608"]
[BlackElo "2514"]
[PlyCount "69"]
[EventDate "2007.??.??"]

1. e4 c6 2. d4 d5 3. e5 Bf5 4. Nc3 e6 5. g4 Bg6 6. Nge2 c5 7. h4 h5 8. Nf4 Bh7
9. g5 Bf5 10. Nxh5 cxd4 11. Nb5 Nc6 12. Ng3 Be4 13. f3 Bh7 14. h5 a6 15. Nxd4
Nxd4 16. Qxd4 Bxc2 17. Bd2 Rc8 18. Rc1 Ne7 19. Be2 Qd7 20. Kf1 Nf5 21. Nxf5
Bxf5 22. Rxc8+ Qxc8 23. Kg2 Be7 24. Kg3 Qd8 25. f4 f6 26. exf6 gxf6 27. h6 Rh7
28. Bh5+ Kf8 29. Kf2 b6 30. Rc1 Bc5 31. Bb4 Bxb4 32. Qxb4+ Kg8 33. gxf6 d4 34.
Ke2 d3+ 35. Kd2 1-0

[Event "IHEM 2007"]
[Site "Hamburg"]
[Date "2007.05.30"]
[Round "5.2"]
[White "Putzbach, Gerd"]
[Black "Kempinski, Robert"]
[Result "0-1"]
[WhiteElo "2253"]
[BlackElo "2579"]
[PlyCount "72"]
[EventDate "2007.??.??"]

1. e4 c5 2. Nf3 d6 3. d4 cxd4 4. Nxd4 Nf6 5. Nc3 a6 6. Be2 e6 7. O-O Be7 8. f4
O-O 9. Be3 Qc7 10. g4 Nfd7 11. g5 Re8 12. Bd3 Nc6 13. Qh5 g6 14. Qh6 Bf8 15.
Qh4 Bg7 16. Nde2 b5 17. a3 b4 18. axb4 Nxb4 19. Rf3 Bb7 20. Rh3 Nf8 21. Rf1
Rad8 22. Qf2 Qd7 23. Bd4 e5 24. fxe5 Qxh3 25. Qxf7+ Kh8 26. Qxb7 Nxd3 27. cxd3
dxe5 28. Bb6 Rb8 29. Qa7 Ne6 30. Qxa6 Rf8 31. Ng3 Nf4 32. Rf2 Qe6 33. Rxf4 exf4
34. Nd5 fxg3 35. Qa7 Rxb6 36. Nxb6 Qh3 0-1

[Event "IHEM 2007"]
[Site "Hamburg"]
[Date "2007.05.30"]
[Round "5.3"]
[White "Ftacnik, Lubomir"]
[Black "Lanka, Zigurds"]
[Result "1-0"]
[WhiteElo "2573"]
[BlackElo "2482"]
[PlyCount "107"]
[EventDate "2007.??.??"]

1. d4 Nf6 2. c4 g6 3. Nc3 Bg7 4. e4 d6 5. Be2 O-O 6. Bg5 h6 7. Be3 Nbd7 8. f3
c5 9. d5 Ne5 10. f4 Ned7 11. Nh3 b5 12. cxb5 a6 13. O-O axb5 14. Bxb5 Ba6 15.
Bxa6 Rxa6 16. Qe2 Qc8 17. Nf2 Ra5 18. Bd2 Nb6 19. e5 Ne8 20. Ng4 h5 21. Ne3 Qa6
22. Qe1 Nc4 23. Nxc4 Qxc4 24. Kh1 Ra8 25. Rd1 Nc7 26. Rf3 Qa6 27. Qh4 Nb5 28.
Nxb5 Qxb5 29. Bc3 Qa4 30. Qe1 dxe5 31. fxe5 e6 32. a3 exd5 33. Rxd5 Rad8 34.
Rfd3 Rxd5 35. Rxd5 Qc4 36. Qd1 Re8 37. h3 Kh7 38. Qf3 Re7 39. Rd8 Qe6 40. Rd5
Qc6 41. Qd1 Ra7 42. Qd3 c4 43. Qd4 Rc7 44. Rd8 Qe6 45. a4 Qf5 46. a5 Rc6 47.
Rd5 Qf1+ 48. Qg1 Qf5 49. Qd1 Qc8 50. Rd7 Qe8 51. Qd5 Re6 52. Qb7 Kg8 53. Qc7
Bf8 54. Rd8 1-0

[Event "IHEM 2007"]
[Site "Hamburg"]
[Date "2007.05.30"]
[Round "5.4"]
[White "van der Weide, Karel"]
[Black "Berg, Klaus"]
[Result "0-1"]
[WhiteElo "2502"]
[BlackElo "2434"]
[PlyCount "42"]
[EventDate "2007.??.??"]

1. e4 c6 2. d4 d5 3. e5 Bf5 4. Nc3 e6 5. g4 Bg6 6. Nge2 c5 7. h4 h5 8. Nf4 Bh7
9. Nxh5 Nc6 10. dxc5 Bxc5 11. Bb5 Qc7 12. Bxc6+ Qxc6 13. Qf3 Kf8 14. Bg5 Rc8
15. O-O-O b5 16. Rhe1 b4 17. Rxd5 exd5 18. e6 Rc7 19. exf7 Rxf7 20. Qg3 Bd6 21.
Nf4 Nf6 0-1

[Event "IHEM 2007"]
[Site "Hamburg"]
[Date "2007.05.30"]
[Round "5.5"]
[White "Pajeken, Wolfgang"]
[Black "Lindinger, Markus"]
[Result "1/2-1/2"]
[WhiteElo "2346"]
[BlackElo "2307"]
[PlyCount "40"]
[EventDate "2007.??.??"]

1. c4 c5 2. Nc3 Nc6 3. Nf3 Nf6 4. g3 d5 5. cxd5 Nxd5 6. Bg2 Nc7 7. O-O e5 8.
Ne1 Bd7 9. Nd3 f6 10. b3 Be7 11. f4 exf4 12. Nxf4 O-O 13. Bb2 Rc8 14. Rc1 Kh8
15. e3 b6 16. Kh1 Ne6 17. Ncd5 Nxf4 18. Rxf4 Be6 19. Nxe7 Nxe7 20. Rf1 Bd5 {(=)
} 1/2-1/2

[Event "IHEM 2007"]
[Site "Hamburg"]
[Date "2007.05.30"]
[Round "5.6"]
[White "Stanke, Juergen"]
[Black "Chevelevitch, Evgueni"]
[Result "1/2-1/2"]
[WhiteElo "2310"]
[BlackElo "2422"]
[PlyCount "78"]
[EventDate "2007.??.??"]

1. c4 e5 2. Nc3 Nf6 3. Nf3 Nc6 4. d3 d5 5. cxd5 Nxd5 6. e3 Be7 7. Be2 O-O 8.
O-O Be6 9. Qc2 Ndb4 10. Qb1 a5 11. a3 Nd5 12. Rd1 Qd7 13. Qc2 f5 14. Rb1 Kh8
15. Nxd5 Qxd5 16. b3 Rad8 17. Nd2 Qc5 18. Qxc5 Bxc5 19. Nc4 f4 20. Bf3 Bd5 21.
Bxd5 Rxd5 22. exf4 exf4 23. Nxa5 Nxa5 24. b4 Bb6 25. bxa5 Rxa5 26. d4 Rd5 27.
Kf1 g5 28. Rb3 Kg7 29. h3 Kg6 30. Bb2 Re8 31. Re1 Rxe1+ 32. Kxe1 Ba5+ 33. Ke2
b5 34. Kf3 c6 35. h4 gxh4 36. Kxf4 Rg5 37. Kf3 Rf5+ 38. Ke2 Rg5 39. Kf3 Rf5+
1/2-1/2

[Event "IHEM 2007"]
[Site "Hamburg"]
[Date "2007.05.30"]
[Round "5.7"]
[White "Zierke, Oliver"]
[Black "Fries Nielsen, Jens-Ove"]
[Result "1/2-1/2"]
[WhiteElo "2313"]
[BlackElo "2374"]
[PlyCount "35"]
[EventDate "2007.??.??"]

1. d4 c5 2. d5 g6 3. e4 Bg7 4. Nc3 d6 5. Nf3 Nf6 6. Be2 O-O 7. O-O e5 8. dxe6
Bxe6 9. Be3 Nc6 10. Qd2 Qb6 11. Rab1 Rfe8 12. b4 Nxb4 13. a3 a5 14. axb4 axb4
15. Nd5 Bxd5 16. exd5 Ne4 17. Qd3 Nc3 18. Rbc1 {(=)} 1/2-1/2

[Event "IHEM 2007"]
[Site "Hamburg"]
[Date "2007.05.30"]
[Round "5.8"]
[White "Wendt, Jan-Dietrich"]
[Black "Mueller, Joerg"]
[Result "1-0"]
[WhiteElo "2342"]
[BlackElo "2118"]
[PlyCount "147"]
[EventDate "2007.??.??"]

1. d4 Nf6 2. Nf3 g6 3. c4 Bg7 4. Nc3 O-O 5. e4 d6 6. h3 c5 7. d5 e6 8. Bd3 e5
9. Bg5 a6 10. Qd2 Qc7 11. g4 Nbd7 12. a4 b6 13. Rg1 Re8 14. Nh4 Nf8 15. f3 Rb8
16. Kf2 Bd7 17. b3 Kh8 18. Kg2 Ng8 19. Kh1 h6 20. Be3 Qd8 21. Nf5 Bc8 22. Rg3
g5 23. h4 gxh4 24. Rh3 Ng6 25. Rg1 Kh7 26. Ne2 Bf8 27. Qe1 Be7 28. Bf2 Bg5 29.
Rg2 Nf6 30. Nxh4 Rh8 31. Nf5 Kg8 32. Rgh2 Bxf5 33. gxf5 Nf4 34. Nxf4 Bxf4 35.
Rg2+ Bg5 36. Kg1 Ne8 37. Be3 f6 38. f4 exf4 39. Bxf4 Rb7 40. Bh2 Rhh7 41. Be2
Ng7 42. Qg3 Rd7 43. Qc3 a5 44. Bf3 Qe7 45. Kf1 Rd8 46. Re2 Re8 47. Ke1 Rd8 48.
Kd1 Rd7 49. Kc2 Rd8 50. Qe1 Rd7 51. Bg3 Rd8 52. Qh1 Rd7 53. Qh2 Ne8 54. Bh5 Kf8
55. Bg6 Rh8 56. Bxe8 Kxe8 57. e5 Qh7 58. exd6+ Kd8 59. Qf2 h5 60. Rh1 h4 61.
Bh2 Qh5 62. Rhe1 Kc8 63. Re7 Rhd8 64. Qg2 h3 65. Qe4 Qh4 66. Qxh4 Bxh4 67. R1e3
Bf2 68. Rxh3 Rxe7 69. dxe7 Re8 70. d6 Kd7 71. Kd3 Rg8 72. Ke4 Be1 73. Bf4 Bf2
74. Rh7 1-0

[Event "IHEM 2007"]
[Site "Hamburg"]
[Date "2007.05.30"]
[Round "5.10"]
[White "Rosmann, Ilja"]
[Black "Hebbinghaus, Holger"]
[Result "0-1"]
[WhiteElo "2242"]
[BlackElo "2316"]
[PlyCount "88"]
[EventDate "2007.??.??"]

1. e4 e6 2. d4 d5 3. e5 c5 4. c3 Nc6 5. Nf3 Qb6 6. Bd3 cxd4 7. cxd4 Bd7 8. Be2
Nh6 9. b3 Nf5 10. Bb2 Bb4+ 11. Kf1 O-O 12. g4 Nh6 13. Rg1 f6 14. exf6 Rxf6 15.
g5 Rxf3 16. Bxf3 Nf5 17. Rg4 Be8 18. Nd2 Bh5 19. Rf4 Bg6 20. Kg1 Bd6 21. Rxf5
Bxf5 22. Nf1 {(=)} Ne7 23. Ng3 Rf8 24. Qe2 Ng6 25. Nxf5 Nf4 26. Qe3 Rxf5 27. h4
Nh3+ {(=)} 28. Kh1 Bf4 29. Qe2 Bc7 30. Ba3 Nf4 31. Qe3 Bd6 32. Bxd6 Qxd6 33.
Bg4 Rf8 34. Re1 Kh8 35. Kg1 h5 36. gxh6 gxh6 37. h5 Rg8 38. f3 Rg5 39. Kf2 Nh3+
40. Kg2 Nf4+ 41. Kh1 Kg7 42. Qc3 Nxh5 43. Rxe6 Ng3+ 44. Kg2 Qxe6 0-1

[Event "IHEM 2007"]
[Site "Hamburg"]
[Date "2007.05.30"]
[Round "5.11"]
[White "Paridar, Shadi"]
[Black "Ritscher, Jan-Paul"]
[Result "1-0"]
[WhiteElo "2225"]
[BlackElo "2300"]
[PlyCount "93"]
[EventDate "2007.??.??"]

1. e4 Nf6 2. e5 Nd5 3. d4 d6 4. Nf3 Bg4 5. Be2 c6 6. O-O Bxf3 7. Bxf3 dxe5 8.
dxe5 e6 9. Qe2 Nd7 10. c4 Ne7 11. Bd2 Ng6 12. Bc3 Qc7 13. Re1 a5 14. a3 Bc5 15.
g3 Rd8 16. b4 Ba7 17. Bg4 Ndxe5 18. c5 Nxg4 19. Qxg4 O-O 20. Nd2 Rd3 21. Qc4
Rd5 22. Nf1 b5 23. Qe2 Rfd8 24. h4 Bb8 25. h5 Nf8 26. h6 f6 27. hxg7 Qxg7 28.
Qf3 e5 29. Ne3 Rd3 30. Rac1 axb4 31. axb4 R8d5 32. Qf5 Rd7 33. Ng4 Rf7 34. Qxd3
Qxg4 35. Qe4 Qe6 36. Red1 Bc7 37. Qe2 Ng6 {(=)} 38. Ra1 Ne7 39. Ra8+ Kg7 40.
Qh5 Nd5 41. Bd2 f5 42. Bh6+ Qxh6 43. Rg8+ Kxg8 44. Qxh6 Rf6 45. Qg5+ Kf7 46.
Ra1 Ke6 47. Qg8+ 1-0

[Event "IHEM 2007"]
[Site "Hamburg"]
[Date "2007.05.30"]
[Round "5.12"]
[White "Bracker, Frank"]
[Black "Jacoby, Gisbert"]
[Result "0-1"]
[WhiteElo "2193"]
[BlackElo "2252"]
[PlyCount "74"]
[EventDate "2007.??.??"]

1. e4 e6 2. d4 d5 3. Nc3 Nf6 4. e5 Nfd7 5. f4 c5 6. Nf3 Nc6 7. Be3 a6 8. Qd2 b5
9. a3 g5 10. fxg5 cxd4 11. Nxd4 Ndxe5 12. Be2 h6 13. g6 fxg6 14. O-O Qc7 15.
Kh1 Bg7 16. Rf2 Nf7 17. Bg4 Nxd4 18. Bxd4 O-O 19. Bxg7 Kxg7 20. Raf1 Bd7 21.
Qd4+ Ne5 22. Nxd5 Qd6 23. Rxf8 Rxf8 24. Rxf8 Kxf8 25. Qf4+ Nf7 26. Qxd6+ Nxd6
27. Nc7 Nc4 28. Nxa6 Nxb2 29. Nc5 Ke7 30. Nxd7 Kxd7 31. Be2 Kc6 32. Kg1 Kc5 33.
Kf2 Nc4 34. Bd3 g5 35. Kf3 {(=)} Kd4 36. Bh7 e5 37. Kg4 e4 0-1

[Event "IHEM 2007"]
[Site "Hamburg"]
[Date "2007.05.30"]
[Round "5.13"]
[White "Fraas, Henning"]
[Black "Bach, Matthias"]
[Result "0-1"]
[WhiteElo "2158"]
[BlackElo "2364"]
[PlyCount "38"]
[EventDate "2007.??.??"]

1. f4 e5 2. fxe5 Nc6 3. Nc3 d6 4. exd6 Bxd6 5. Nf3 Bg4 6. Ne4 Be7 7. c3 f5 8.
Nf2 Nf6 9. Qa4 O-O 10. Qb3+ Kh8 11. Ng5 Bd6 12. d4 Qe8 13. Qb5 h6 14. Nf3 Ne4
15. Qd3 Qh5 16. Be3 Rae8 17. O-O-O Bf4 18. Kc2 Bxe3 19. Qxe3 f4 0-1

[Event "IHEM 2007"]
[Site "Hamburg"]
[Date "2007.05.30"]
[Round "5.14"]
[White "Faika, Michael"]
[Black "Engelbert, Christoph"]
[Result "0-1"]
[WhiteElo "2007"]
[BlackElo "2230"]
[PlyCount "66"]
[EventDate "2007.??.??"]

1. e4 g6 2. d4 Bg7 3. h4 d5 4. exd5 Qxd5 5. Be3 Nf6 6. Nc3 Qa5 7. Qd2 c6 8. Nf3
Bf5 9. b4 Qd8 10. Ne5 Nbd7 11. Bd3 Bxd3 12. Nxd3 O-O 13. f3 Re8 14. Rd1 Nb6 15.
Ne5 Nfd5 16. Nxd5 Qxd5 17. h5 g5 18. c4 Nxc4 19. Nxc4 Qxc4 20. h6 Bf8 21. Bxg5
e5 22. Kf2 Bxb4 23. Qe3 exd4 24. Qf4 Qc2+ 25. Kg3 Qg6 26. Rxd4 Bc3 27. Rh4 Bxd4
28. Qxd4 Rad8 29. Qf4 Rd5 30. Rg4 f5 31. Rh4 Qd6 32. Rh5 Kf7 33. Bh4 Rg8+ 0-1

[Event "IHEM 2007"]
[Site "Hamburg"]
[Date "2007.05.30"]
[Round "5.15"]
[White "Kjetsae, Johnny"]
[Black "Maahs, Erich"]
[Result "1/2-1/2"]
[WhiteElo "2100"]
[BlackElo "2193"]
[PlyCount "117"]
[EventDate "2007.??.??"]

1. e4 e5 2. Nf3 Nf6 3. Nxe5 d6 4. Nf3 Nxe4 5. d4 Be7 6. Bd3 Ng5 7. Nxg5 Bxg5 8.
Qe2+ Be6 9. f4 Bh4+ 10. g3 Be7 11. Nc3 Qd7 12. Be4 d5 13. Bf3 Nc6 14. Be3 g6
15. O-O-O O-O-O 16. g4 f6 17. Rhe1 Rhe8 18. h3 Na5 19. Bd2 Bb4 20. Qb5 Qxb5 21.
Nxb5 Bxd2+ 22. Rxd2 c6 23. Rde2 Kd7 24. Na3 b5 25. c3 Bf7 26. Nc2 Rxe2 27. Rxe2
Re8 28. Rxe8 Bxe8 29. b3 Bf7 30. Kd2 Nb7 31. Nb4 a5 32. Nd3 Be6 33. h4 Kd6 34.
b4 axb4 35. cxb4 Ke7 36. Nc5 Nd6 37. Be2 Nf7 38. g5 Bf5 39. a4 bxa4 40. Nxa4
Nd6 41. Nc3 Be4 42. Bg4 Bg2 43. gxf6+ Kxf6 44. Bd7 Nf5 45. Bxc6 Ke6 46. Be8
Nxd4 47. h5 gxh5 48. Bxh5 Kd6 49. Bf7 Nc6 50. b5 Nd8 51. Be8 d4 52. Ne2 Kc5 53.
f5 Bd5 54. Nf4 Bf7 55. Bxf7 Nxf7 56. Ne6+ Kxb5 57. Nxd4+ Kc4 58. Ke3 Kd5 59.
Nf3 1/2-1/2

[Event "IHEM 2007"]
[Site "Hamburg"]
[Date "2007.05.30"]
[Round "5.16"]
[White "Weiss, Siegfried"]
[Black "Wiese, Phil"]
[Result "0-1"]
[WhiteElo "2078"]
[BlackElo "1967"]
[PlyCount "100"]
[EventDate "2007.??.??"]

1. e3 Nf6 2. c4 c5 3. Nc3 d6 4. Nf3 g6 5. d4 cxd4 6. exd4 Bg7 7. Be2 O-O 8. O-O
a6 9. d5 Bg4 10. Be3 Nbd7 11. Rc1 Rb8 12. b4 Rc8 13. Nd4 Bxe2 14. Qxe2 Nb6 15.
Nb1 Nfd7 16. Nd2 Ne5 17. f4 Ned7 18. N2b3 Qc7 19. Na5 Rfe8 20. Qf2 Na8 21. Qd2
Nab6 22. Rfd1 Nf6 23. h3 Qd8 24. Qd3 Qc7 25. Kh2 Kh8 26. Nf3 Kg8 27. Ng5 Nbd7
28. Bf2 Nh5 29. g3 Nhf6 30. Qe3 h6 31. Nf3 e5 32. dxe6 Rxe6 33. Qd3 Rce8 34.
Nd4 Re4 35. Nab3 Nh5 36. Re1 Nhf6 37. Nf3 Nb6 38. c5 Nbd5 39. cxd6 Qxd6 40. Bc5
Rxe1 41. Rxe1 Qd8 42. Rd1 Qc8 43. Ne5 b6 44. Qc4 bxc5 45. Nxc5 Qc7 46. Rc1 Qb6
47. a3 Qb5 48. Nxa6 Qa4 49. Qd3 Ra8 50. Nc7 Rc8 0-1

[Event "IHEM 2007"]
[Site "Hamburg"]
[Date "2007.05.30"]
[Round "5.17"]
[White "Kielhorn, Sebastian"]
[Black "Schulz, Hans-Juergen"]
[Result "1/2-1/2"]
[WhiteElo "1846"]
[BlackElo "2043"]
[PlyCount "112"]
[EventDate "2007.??.??"]

1. d4 d5 2. Nf3 c5 3. e3 Nc6 4. c4 e6 5. Nc3 Nf6 6. cxd5 exd5 7. Be2 Bd6 8. O-O
O-O 9. h3 a6 10. a3 Be6 11. Re1 Qd7 12. Bf1 Rfe8 13. Na4 Qe7 14. Nxc5 Bxc5 15.
dxc5 Qxc5 16. b4 Qb6 17. Bb2 Ne4 18. Nd4 Ne7 19. Rc1 Rad8 20. Re2 Bc8 21. Rec2
Qg6 22. Qf3 Rd6 23. Rc7 Nc6 24. Nxc6 bxc6 25. Bd3 h5 26. Ra7 h4 27. Kh2 Rd7 28.
Ra8 Qd6+ 29. Kg1 Rde7 30. Bxa6 Bd7 31. Rxe8+ Rxe8 32. Bd3 Re6 {(=)} 33. Qh5 Rh6
34. Qe5 Qg6 35. Qb8+ Kh7 36. f3 Bxh3 37. Qh2 Bf5 38. fxe4 dxe4 39. Bc2 h3 40.
Ba4 Rh5 41. Rxc6 f6 42. Bd1 Bg4 43. Bxg4 Qxg4 44. Rc1 Qe2 45. Bd4 hxg2 46. Qxg2
Rg5 47. Qxg5 fxg5 48. Rf1 Kh6 49. a4 g4 50. Rf2 Qe1+ 51. Kg2 Qxb4 52. Kg3 Qxa4
53. Kxg4 Qd7+ 54. Kg3 Qd6+ 55. Kg2 Kh5 56. Bxg7 Qd1 1/2-1/2

[Event "IHEM 2007"]
[Site "Hamburg"]
[Date "2007.05.30"]
[Round "5.18"]
[White "Atri, Jamshid"]
[Black "Albers, Andreas"]
[Result "1-0"]
[WhiteElo "2077"]
[BlackElo "1998"]
[PlyCount "45"]
[EventDate "2007.??.??"]

1. e4 e6 2. d4 d5 3. Nc3 Bb4 4. e5 c5 5. Bd2 Ne7 6. a3 Bxc3 7. Bxc3 O-O 8. dxc5
Qc7 9. Nf3 Nd7 10. Bd3 Ng6 11. Qe2 Nxc5 12. h4 Nxd3+ 13. Qxd3 Qc4 14. Qe3 Bd7
15. g3 Bc6 16. Nd4 Ne7 17. g4 Bd7 18. h5 Nc6 19. O-O-O Qc5 20. h6 g6 21. Qf4
Qe7 22. Nxc6 Bxc6 23. Bb4 1-0

[Event "IHEM 2007"]
[Site "Hamburg"]
[Date "2007.05.30"]
[Round "5.19"]
[White "Wilms, Robert"]
[Black "Kröncke, Manfred"]
[Result "0-1"]
[WhiteElo "1814"]
[BlackElo "2207"]
[PlyCount "108"]
[EventDate "2007.??.??"]

1. e4 c5 2. Nf3 e6 3. d4 cxd4 4. Nxd4 Nc6 5. Nc3 Qc7 6. Be3 a6 7. a3 b5 8. Be2
Bb7 9. O-O Nf6 10. f3 Bc5 11. Bf2 O-O 12. Nxc6 Bxf2+ 13. Rxf2 Bxc6 14. Bd3 Qb6
15. Qe1 e5 16. Kh1 a5 17. Nd1 b4 18. a4 Rfe8 19. b3 d5 20. Re2 d4 21. Nf2 Nh5
22. Nh3 Bd7 23. g4 Qf6 24. Qf2 Rec8 25. Rg1 Rc3 26. Qg2 Nf4 27. Nxf4 Qxf4 28.
Qg3 Qxg3 29. hxg3 Be6 30. Rd1 Bc8 31. Kg2 Ba6 32. Kf2 Kf8 33. Rdd2 Ke7 34. Ke1
Bxd3 35. Rxd3 Rac8 36. f4 Rxd3 37. cxd3 Rc3 38. Rh2 Rxd3 39. Rxh7 Rxb3 40. Rxg7
Re3+ 41. Kd2 b3 42. Rg8 Rxg3 43. fxe5 b2 44. Rb8 Ke6 45. Kc2 Rg2+ 46. Kd3 Kxe5
47. Rb5+ Kf4 48. Kxd4 Kxg4 49. e5 Kf5 50. Kd3 Kf4 51. Kd4 Rh2 52. Kd3 Kf5 53.
Kd4 Rh4+ 54. Kd5 Rb4 0-1

[Event "IHEM 2007"]
[Site "Hamburg"]
[Date "2007.05.30"]
[Round "6.1"]
[White "Ftacnik, Lubomir"]
[Black "Landa, Konstantin"]
[Result "1/2-1/2"]
[WhiteElo "2573"]
[BlackElo "2608"]
[PlyCount "31"]
[EventDate "2007.??.??"]

1. d4 Nf6 2. Nf3 d5 3. c4 e6 4. Nc3 Bb4 5. cxd5 exd5 6. Bg5 h6 7. Bh4 g5 8. Bg3
Ne4 9. Nd2 Nxc3 10. bxc3 Bxc3 11. Rc1 Bb2 12. Bxc7 Qe7 13. Bd6 Qd8 14. Bc7 Qe7
15. Bd6 Qd8 16. Bc7 1/2-1/2

[Event "IHEM 2007"]
[Site "Hamburg"]
[Date "2007.05.30"]
[Round "6.2"]
[White "Kempinski, Robert"]
[Black "Berg, Klaus"]
[Result "1-0"]
[WhiteElo "2579"]
[BlackElo "2434"]
[PlyCount "93"]
[EventDate "2007.??.??"]

1. d4 d5 2. c4 c6 3. Nf3 Nf6 4. e3 Bg4 5. h3 Bxf3 6. Qxf3 e6 7. Bd3 Nbd7 8. O-O
Be7 9. Rd1 O-O 10. Nc3 Re8 11. Bd2 a6 12. a3 a5 13. Be1 Bd6 14. Qe2 Qe7 15.
Rac1 Bb8 16. g3 g6 17. e4 dxe4 18. Nxe4 Nxe4 19. Bxe4 Nf6 20. Bg2 e5 21. Bc3
exd4 22. Qxe7 Rxe7 23. Bxd4 Be5 24. b4 Bxd4 25. Rxd4 axb4 26. axb4 Ra4 27. Rb1
Rd7 28. Rf4 Kg7 29. Bf3 Rd2 30. b5 cxb5 31. Rxb5 Rc2 32. Rb6 Nd7 33. Rxb7 Ne5
34. Bd5 Ra1+ 35. Kh2 Kh6 36. Re7 Re1 37. Rfxf7 Nxf7 38. Rxe1 Rxf2+ 39. Kg1 Rf6
40. Bxf7 Rxf7 41. Rc1 Rc7 42. Kf2 Kg5 43. Ke3 Kf5 44. Kd4 Rd7+ 45. Kc3 Ke4 46.
c5 Rd3+ 47. Kb4 1-0

[Event "IHEM 2007"]
[Site "Hamburg"]
[Date "2007.05.30"]
[Round "6.3"]
[White "Saltaev, Mihail"]
[Black "van der Weide, Karel"]
[Result "1/2-1/2"]
[WhiteElo "2514"]
[BlackElo "2502"]
[PlyCount "33"]
[EventDate "2007.??.??"]

1. e4 c5 2. Nf3 d6 3. d4 cxd4 4. Nxd4 Nf6 5. Nc3 a6 6. Bc4 e6 7. a4 g6 8. Nf3
Qc7 9. Ba2 Nbd7 10. Bf4 Ne5 11. O-O Bg7 12. Qe2 O-O 13. Rfd1 b6 14. Qd2 Nh5 15.
Be3 Nxf3+ 16. gxf3 Rd8 17. Ne2 {(=)} 1/2-1/2

[Event "IHEM 2007"]
[Site "Hamburg"]
[Date "2007.05.30"]
[Round "6.5"]
[White "Lanka, Zigurds"]
[Black "Zierke, Oliver"]
[Result "1/2-1/2"]
[WhiteElo "2482"]
[BlackElo "2313"]
[PlyCount "109"]
[EventDate "2007.??.??"]

1. e4 c5 2. Nf3 Nc6 3. d4 cxd4 4. Nxd4 Nf6 5. Nc3 d6 6. Bg5 e6 7. Qd2 Be7 8.
O-O-O O-O 9. f3 Nxd4 10. Qxd4 a6 11. h4 b5 12. Kb1 Qc7 13. Qd2 Bb7 14. Ne2 Rfd8
15. Nd4 Rac8 16. Bd3 Qb6 17. Be3 Qc7 18. g4 e5 19. Nf5 d5 20. Qg2 Re8 21. g5
Nh5 22. exd5 Bxd5 23. Nxe7+ Rxe7 24. Bxh7+ Kxh7 25. Rxd5 g6 26. Qd2 Ng3 27. Rg1
Nf5 28. Bc5 Ree8 29. Rd1 Qc6 30. h5 gxh5 31. Qh2 Qg6 32. Rxe5 Rxe5 33. Qxe5 h4
34. a3 Qxg5 35. Rg1 Qh5 36. Bd4 Rg8 37. Rxg8 Kxg8 38. Bc3 f6 39. Qe6+ Kh7 40.
Qxf6 Kg8 41. Qxa6 h3 42. Be5 Qxf3 43. Qxb5 Kf7 44. Qc4+ Kg6 45. Qc7 Ne3 46. b3
Kf5 47. Qf7+ Ke4 48. Qb7+ Nd5 49. Bd6 Qd1+ 50. Kb2 Qd4+ 51. Ka2 Ke3 52. Bb4 h2
53. Qh7 Nxb4+ 54. axb4 Qe5 55. b5 1/2-1/2

[Event "IHEM 2007"]
[Site "Hamburg"]
[Date "2007.05.30"]
[Round "6.6"]
[White "Pajeken, Wolfgang"]
[Black "Stanke, Juergen"]
[Result "1-0"]
[WhiteElo "2346"]
[BlackElo "2310"]
[PlyCount "53"]
[EventDate "2007.??.??"]

1. d4 f5 2. Nc3 Nf6 3. Bg5 d5 4. Bxf6 exf6 5. e3 Be6 6. Qf3 Nc6 7. Bb5 Qd6 8.
Nge2 O-O-O 9. Nf4 Bf7 10. Nd3 g6 11. Nc5 Nb4 12. O-O Kb8 13. a3 Nc6 14. b4 h5
15. Rfb1 Bh6 16. a4 f4 17. Bxc6 Qxc6 18. exf4 g5 19. fxg5 Bxg5 20. a5 Rdg8 21.
b5 Qd6 22. b6 cxb6 23. axb6 a6 24. Qd3 Bh4 25. Nxa6+ bxa6 26. Qxa6 Bxf2+ 27.
Kh1 1-0

[Event "IHEM 2007"]
[Site "Hamburg"]
[Date "2007.05.30"]
[Round "6.7"]
[White "Putzbach, Gerd"]
[Black "Wendt, Jan-Dietrich"]
[Result "0-1"]
[WhiteElo "2253"]
[BlackElo "2342"]
[PlyCount "64"]
[EventDate "2007.??.??"]

1. e4 c5 2. Nc3 Nc6 3. g3 g6 4. Bg2 Bg7 5. d3 e6 6. Be3 d6 7. Qd2 Qa5 8. Nd1
Qxd2+ 9. Kxd2 Nge7 10. f4 O-O 11. c3 b6 12. Ne2 Ba6 13. Bf2 Rad8 14. g4 f5 15.
exf5 gxf5 16. gxf5 Rxf5 17. Ne3 Rff8 18. Bh3 e5 19. Bg3 d5 20. fxe5 Bh6 21.
Rhg1 Kh8 22. d4 Rf3 23. Bh4 Bxe3+ 24. Kc2 Bxe2 25. Bf6+ Rxf6 26. exf6 Ng6 27.
Rxg6 hxg6 28. Re1 cxd4 29. Rxe2 Rf8 30. Be6 Rxf6 31. Bxd5 Ne7 32. Bc4 Rf2 0-1

[Event "IHEM 2007"]
[Site "Hamburg"]
[Date "2007.05.30"]
[Round "6.10"]
[White "Fries Nielsen, Jens-Ove"]
[Black "Bach, Matthias"]
[Result "1-0"]
[WhiteElo "2374"]
[BlackElo "2364"]
[PlyCount "79"]
[EventDate "2007.??.??"]

1. e4 c5 2. b3 b6 3. Bb2 Bb7 4. Nc3 Nh6 5. g3 e6 6. Bg2 Be7 7. Nh3 f6 8. d4 O-O
9. d5 Nf7 10. O-O e5 11. f4 c4 12. Kh1 Bc5 13. Na4 Bd6 14. a3 a5 15. Re1 b5 16.
Nc3 b4 17. axb4 axb4 18. Na4 c3 19. Bc1 Na6 20. Be3 Nc7 21. Nc5 Ba6 22. Nf2 {
(=)} Qe7 23. Nxa6 Nxa6 24. Qe2 Nc7 25. Qc4 Rfb8 26. Nd3 Rxa1 27. Rxa1 Nb5 28.
Rc1 Na3 29. Qa6 Qd8 30. fxe5 fxe5 31. Bh3 Nb5 32. Rf1 Ng5 33. Bxg5 Qxg5 34.
Bxd7 Qe3 35. Bxb5 Qxe4+ 36. Kg1 Qe3+ 37. Rf2 Rf8 38. Bd7 Bb8 39. Qe6+ Kh8 40.
Qe7 1-0

[Event "IHEM 2007"]
[Site "Hamburg"]
[Date "2007.05.30"]
[Round "6.11"]
[White "Engelbert, Christoph"]
[Black "Ritscher, Jan-Paul"]
[Result "1-0"]
[WhiteElo "2230"]
[BlackElo "2300"]
[PlyCount "129"]
[EventDate "2007.??.??"]

1. e4 Nf6 2. e5 Nd5 3. d4 d6 4. c4 Nb6 5. exd6 exd6 6. Nc3 Be7 7. Be3 O-O 8.
Qf3 Nc6 9. O-O-O Be6 10. c5 Nc8 11. Nge2 Bf6 12. Nf4 Qe7 13. Ncd5 Bxd5 14. Nxd5
Qd8 15. h4 dxc5 16. Nxf6+ Qxf6 17. Qxf6 gxf6 18. dxc5 Rd8 19. Rxd8+ Nxd8 20.
Rh3 Ne6 21. Rg3+ Kh8 22. Rf3 Kg7 23. h5 Ne7 24. h6+ Kf8 25. Bd3 Ng6 26. Bxg6
fxg6 27. Rxf6+ Ke7 28. Rf3 Rd8 29. Rg3 Rd5 30. b4 c6 31. Rg4 Kf6 32. Kc2 Rh5
33. Rc4 g5 34. b5 cxb5 35. c6 bxc6 36. Rxc6 Rxh6 37. Bxa7 Rh4 38. Be3 Ke5 39.
Rb6 Nc7 40. Bxg5 Rg4 41. g3 Kd5 42. Bf4 Rg7 43. Rb7 Ne6 44. Rxb5+ Kc4 45. Re5
Nd4+ 46. Kd1 Rb7 47. Kc1 Kd3 48. Re3+ Kc4 49. Be5 Nc6 50. Rc3+ Kd5 51. Bf4 Nb4
52. Ra3 Kc4 53. Kd2 Nd5 54. Be5 Ne7 55. Ke3 Kd5 56. Ra5+ Ke6 57. f4 Nc6 58. Rc5
Nb4 59. a3 Nd5+ 60. Ke4 Ne7 61. g4 Ra7 62. f5+ Kd7 63. f6 Ra4+ 64. Bd4 Nc6 65.
Rxc6 1-0

[Event "IHEM 2007"]
[Site "Hamburg"]
[Date "2007.05.30"]
[Round "6.12"]
[White "Mueller, Joerg"]
[Black "Rosmann, Ilja"]
[Result "1/2-1/2"]
[WhiteElo "2118"]
[BlackElo "2242"]
[PlyCount "136"]
[EventDate "2007.??.??"]

1. e4 c5 2. c3 d5 3. e5 Nc6 4. Nf3 Bg4 5. Bb5 Qb6 6. Bxc6+ Qxc6 7. d3 e6 8. O-O
Be7 9. Re1 h5 10. Nbd2 Nh6 11. d4 c4 12. Nf1 h4 13. h3 Bh5 14. Be3 O-O-O 15.
N1h2 Nf5 16. Qd2 Nxe3 17. Qxe3 Bg6 18. b3 Ba3 19. Qd2 Kd7 20. Ng4 b5 21. Ne3
Rb8 22. Nc2 Qa6 23. Nxa3 Qxa3 24. Qg5 Qe7 25. Qf4 Bd3 26. b4 a5 27. a4 axb4 28.
axb5 Rb7 29. cxb4 Rhb8 30. Ra6 Rxb5 31. Rd6+ Ke8 32. Ng5 Rxb4 33. Qxh4 Rb1 34.
Rxb1 Rxb1+ 35. Kh2 Rb8 36. Rc6 Kd7 37. Rd6+ Ke8 38. Rc6 Bg6 39. Qg4 Bf5 40. Qg3
Qb7 41. Rc5 Ra8 42. Qh4 Qe7 43. Qf4 Bg6 44. h4 Ra3 45. h5 Bf5 46. h6 gxh6 47.
Nf3 Kd7 48. Qc1 Rxf3 49. gxf3 Qh4+ 50. Kg1 Bh3 51. Qe3 Bf5 52. Ra5 Kc6 53. Ra7
Qh5 54. Qf4 Qg6+ 55. Qg3 Kb6 56. Ra8 Kb5 57. Rb8+ Ka4 58. Kf1 c3 59. Ke1 Qh5
60. Ke2 Qh1 61. Qg8 Bd3+ 62. Kxd3 Qxf3+ 63. Kc2 Qxf2+ 64. Kxc3 Qe3+ 65. Kc2
Qe2+ 66. Kb1 Qd1+ 67. Ka2 Qc2+ 68. Rb2 Qc4+ 1/2-1/2